Bulgarian Cup Winners - Statistics

General Stats
  • This quiz has been taken 14 times
  • The average score is 62 of 84
Answer Stats
Year Team % Correct
2021 CSKA
100%
2016 CSKA
100%
2011 CSKA
100%
2006 CSKA
100%
1999 CSKA
100%
1997 CSKA
100%
1993 CSKA
100%
1989 CSKA
100%
1988 CSKA
100%
1987 CSKA
100%
1985 CSKA
100%
1983 CSKA
100%
1974 CSKA
100%
1973 CSKA
100%
1972 CSKA
100%
1969 CSKA
100%
1965 CSKA
100%
1961 CSKA
100%
1955 CSKA
100%
1954 CSKA
100%
1951 CSKA
100%
2022 Levski
92%
2007 Levski
92%
2005 Levski
92%
2003 Levski
92%
2002 Levski
92%
2000 Levski
92%
1998 Levski
92%
1994 Levski
92%
1992 Levski
92%
1991 Levski
92%
1986 Levski
92%
1984 Levski
92%
1979 Levski
92%
1977 Levski
92%
1976 Levski
92%
1971 Levski
92%
1970 Levski
92%
1967 Levski
92%
1959 Levski
92%
1957 Levski
92%
1956 Levski
92%
1950 Levski
92%
1949 Levski
92%
1947 Levski
92%
1946 Levski
92%
1942 Levski
92%
2023 Ludogorets
92%
2014 Ludogorets
92%
2012 Ludogorets
92%
2024 Botev
75%
2017 Botev
75%
1981 Botev
75%
1962 Botev
75%
2009 Lovech
67%
2015 Cherno More
58%
2020 Lokomotiv Plovdiv
58%
2018 Slavia
58%
1996 Slavia
58%
1980 Slavia
58%
1975 Slavia
58%
1966 Slavia
58%
1964 Slavia
58%
1963 Slavia
58%
1952 Slavia
58%
2013 Beroe
50%
2010 Beroe
50%
2019 Lokomotiv Plovdiv
50%
1995 Lokomotiv Sofia
50%
1953 Lokomotiv Sofia
42%
1948 Lokomotiv Sofia
42%
1978 Marek
33%
1960 Septemvri
25%
1958 Spartak Plovdiv
25%
1968 Spartak Sofia
25%
1941 AS 23
17%
1938 FC 13
17%
2008 Lovech
17%
2004 Lovech
17%
2001 Lovech
17%
1990 Sliven
17%
1939 Shipka
8%
1940 FC 13
0%
1982 Lokomotiv Soifa
0%
No matching quizzes found
Score Distribution
Percent of People with Each Score
Percentile by Number Answered
Your Score History
You have not taken this quiz